header

The Public Health Emergency Medical Countermeasures Enterprise (Record no. 96131)

MARC details
000 -LEADER
fixed length control field 01842nam a2200361 a 4500
245 14 - TITLE STATEMENT
Title The Public Health Emergency Medical Countermeasures Enterprise
260 ## - PUBLICATION, DISTRIBUTION, ETC. (IMPRINT)
Place of publication Washington, D.C. :
Name of publisher National Academies Press,
Year of publication 2010.
300 ## - PHYSICAL DESCRIPTION
Number of Pages xiv, 179 p.
490 0# - SERIES STATEMENT
Series statement The national academies
650 #0 - SUBJECT ADDED ENTRY--TOPICAL TERM
Topical Term Emergency medicine
700 1# - ADDED ENTRY--PERSONAL NAME
Personal name Wizemann, Theresa.
Personal name Stroud, Clare.
Personal name Altevogt, Bruce M.
856 40 - ELECTRONIC LOCATION AND ACCESS
Uniform Resource Identifier http://site.ebrary.com/lib/rucke/Doc?id=10395834

No items available.

© 2026 Rongo University
Contact us: librarian | system librarian | Rongo university